| 000 | 01190cam a22003011i 4500 | ||
|---|---|---|---|
| 003 | SA-RiAUC | ||
| 005 | 20250928075316.0 | ||
| 008 | 250805s1999 le g b 00000 ara c | ||
| 040 |
_aSA-JeALM _bara _cSA-RiAUC _erda |
||
| 082 | 0 | 4 |
_a346.02 _qSA-RiAUC |
| 090 |
_a346.02 _bت ق ي |
||
| 100 | 1 |
_aتقية، محمد، _d1933- _eمؤلف. |
|
| 245 | 1 | 2 |
_aالإرادة المنفردة كمصدر للالتزام في القانون والشريعة الإسلامية / _cمحمد تقية. |
| 250 | _aالطبعة الأولى. | ||
| 264 | 1 |
_aبيروت : _bمؤسسة الكتب الثقافية، _c1999 |
|
| 300 |
_a248 صفحة ؛ _c24 سم |
||
| 336 |
_aنص _btxt _2rdacontent _3كتاب |
||
| 337 |
_aبدون وسيط _bn _2rdamedia |
||
| 338 |
_aمجلد _bnc _2rdacarrier |
||
| 504 | _aببليوجرافية : صفحة 239-241. | ||
| 650 | 7 |
_aالإرادة المنفردة (قانون مدني) _2aucsh |
|
| 650 | 7 |
_aالإرادة (فقه إسلامي) _2aucsh |
|
| 650 | 7 |
_aالالتزامات (فقه إسلامي) _2aucsh |
|
| 650 | 7 |
_aالالتزامات _2aucsh |
|
| 942 |
_2ddc _cBOOK _n0 |
||
| 949 |
_aSA-JeALM _d250805 _uosman123 _n1 |
||
| 999 |
_c12132 _d12132 |
||